00283nam a2200109 a 4500041001200000082001500012100001700027245003100044260005800075300002000133500002000153 aEnglish00a954.6bAKB1 aAkbar, M. J.10aKashmir, behind the vale / aNew Delhi ;aNew York, N.Y., U.S.A. :bViking,c1991. a232 p. :bmap ; aIncludes index.